000 00519nam a2200205Ia 4500
003 0100
008 130303s9999 xx 000 0 und d
040 _cARRUPELIB
050 _aBF432.3G379 2006
100 _aGardner, Howard
245 _aMultiple intelligences
245 _bnew horizons
260 _aNew York
260 _bBasic Books
260 _C2006
300 _aix
300 _b 300p. 23cm.
650 _bAmerican literature- History and criticism- Addresses, essays, lectures
942 _2lcc
_01
999 _c67217
_d67217